[Event "7th Cesme Open-A 2019"]
[Site "Cesme"]
[Date "2019.06.26"]
[Round "4"]
[White "Bernadskiy, Vitaliy"]
[Black "Bashirov, Teymur"]
[Result "1-0"]
[WhiteElo "2578"]
[BlackElo "2238"]
[Annotator "TA"]
[PlyCount "71"]
[EventDate "2019.06.24"]
[EventType "swiss"]
[EventCountry "TUR"]
[SourceTitle "playchess.com"]
[Source "ChessBase"]
[SourceQuality "1"]

{[%evp 21,70,66,75,70,95,88,84,99,99,87,119,120,102,107,129,117,132,113,130,120,172,161,183,190,198,178,201,200,260,260,256,230,248,200,395,414,406,403,406,387,479,461,2321,2252,5631,5365,5185,661,29991,29992,29999]} 1. c4 c5 2. Nf3 Nc6 3. d4 cxd4 4. Nxd4 g6 5. e4 Bg7 6. Be3 d6 7. Nc3 Nf6 8. Be2 O-O 9. O-O Nxd4 10. Bxd4 Be6 11. Rc1 Qa5 12. f4 {B38: Sicilian: Maroczy Bind with 5...Bg7 and 7...0-0} Bd7 $146 ({Predecessor:} 12... Rfc8 13. b3 Re8 14. Bf3 Nd7 15. f5 gxf5 16. exf5 Bxf5 17. Bxb7 Rab8 18. Bc6 Bxd4+ 19. Qxd4 Qb6 20. c5 dxc5 21. Qa4 {1-0 (33) Potkin,V (2574)-Stupak,K (2565) Tallinn 2018}) 13. e5 Ne8 {[%cal Rd6e5]} 14. exd6 {White is better.} exd6 15. Nd5 Qd8 16. Bxg7 Nxg7 17. Qd4 f6 18. Bf3 Bc6 19. Rce1 Nf5 20. Qf2 Kg7 (20... Kh8 $16 {keeps fighting.} 21. g4 Ng7) 21. g4 $18 Bxd5 22. Bxd5 ({Don't do} 22. cxd5 $6 Nh6 $16) 22... Nh6 23. h3 ({Don't play} 23. Bxb7 $6 Nxg4 24. Qd4 Rb8 $16) 23... Qd7 24. Re6 Rfe8 25. Rxe8 Rxe8 26. Qxa7 Re2 27. Qd4 Nxg4 $2 (27... Nf7 28. Rf2 Re8) 28. Bf3 {[%mdl 64] Double Attack} Ne3 29. Bxe2 Qxh3 {[%csl Ge3][%cal Rh3g2]} 30. Kf2 Nc2 {[#]} 31. Qe4 $1 {[%cal Re4c2][%mdl 64] Double Attack} Qh4+ (31... Qh2+ $142 32. Qg2 Qxg2+ 33. Kxg2 Ne3+ 34. Kf3 Nxf1 35. Bxf1 f5) 32. Kg2 Ne1+ {[#]} 33. Rxe1 $1 Qxe1 34. Qxb7+ (34. Qe7+ $142 Kg8 35. c5) 34... Kh6 {[#]} 35. Qe7 $1 {[%cal Re7f8][%mdl 64] Double Attack} Qd2 36. Qf8# {Accuracy: White = 80%, Black = 25%.} 1-0

[Event "7th Cesme Open-A 2019"]
[Site "Cesme"]
[Date "2019.06.26"]
[Round "4"]
[White "Iskandarov, Misratdin"]
[Black "Sevgi, Volkan"]
[Result "1-0"]
[WhiteElo "2502"]
[BlackElo "2302"]
[Annotator "TA"]
[PlyCount "91"]
[EventDate "2019.06.24"]
[EventType "swiss"]
[EventCountry "TUR"]
[SourceTitle "playchess.com"]
[Source "ChessBase"]
[SourceQuality "1"]

{[%evp 11,91,20,20,21,56,19,67,54,109,102,118,120,132,122,147,158,166,153,160,158,162,167,160,161,181,174,179,156,168,149,152,160,154,143,188,169,211,207,218,212,249,249,246,245,241,247,260,260,308,226,230,189,189,189,181,124,182,171,294,266,436,431,472,472,465,465,1708,1606,1383,1193,1199,1161,1995,1580,4637,4626,4606,2313,5310,5089,29982,29983]} 1. e4 c5 2. Nf3 Nc6 3. Bb5 g6 4. Bxc6 dxc6 5. d3 Bg7 6. h3 e5 7. Be3 {B31: Sicilian: 2...Nc6 3 Bb5 g6} (7. a4 a5 8. Be3 b6 9. Na3 Qc7 10. O-O Ne7 11. Nc4 Be6 12. Ng5 Bxc4 13. dxc4 h6 14. Nf3 Nc8 {½-½ (56) Amin,B (2704)-Carlsen,M (2861) Abidjan 2019}) 7... Qd6 8. Qd2 h6 $146 ({Predecessor:} 8... Nf6 9. Nc3 Nd7 10. O-O Nf8 11. Bh6 Bxh6 12. Qxh6 Ne6 13. Ne2 f6 14. Nh4 Qf8 {½-½ (43) Sanchez Enriquez,O (2282)-Gonzalez Acosta,B (2440) San Jose 2009}) 9. a3 {White is slightly better.} a5 (9... Nf6 $14) 10. Qc3 $16 b6 11. Nbd2 {[%cal Bb1d2,Bd2c4,Bc4d6][%mdl 32]} Ba6 12. O-O Ne7 {[#]} 13. b4 $1 {[%mdl 512]} cxb4 (13... axb4 14. axb4) 14. axb4 axb4 15. Nc4 O-O 16. Nxd6 bxc3 17. Bxb6 f5 18. Bc5 Rfb8 19. Ra3 {And now Rfa1 would win.} Bc8 20. Nxc8 Nxc8 21. Rfa1 Rxa3 22. Rxa3 Rb5 23. Rxc3 fxe4 24. dxe4 Rb1+ 25. Kh2 Rd1 26. Be3 Rd6 27. Rb3 Rd8 28. Rb8 Re8 29. Bc5 Bf6 30. Rb7 Rd8 31. Rc7 Nd6 32. Rxc6 Nxe4 {[#]} 33. Be3 ({White should play} 33. Rxf6 $1 $18 {[%mdl 512]} Nxf6 34. Be7 {[%mdl 64] Double Attack} (34. Nxe5 Nd7 $15)) 33... h5 {[#]} (33... g5 $16 {might work better.} 34. g3 Kf7) 34. Bg5 $1 $18 {[%mdl 576] Decoy} Nxg5 (34... Bxg5 $142 35. Nxg5 Nxf2 36. Rxg6+ Kh8) 35. Nxg5 ({Less strong is} 35. Rxf6 Kg7 $14) 35... Bxg5 $2 (35... Rf8 36. c4 h4) 36. Rxg6+ {[%mdl 64] Double Attack} Kf7 37. Rxg5 {[%mdl 4160] Endgame Double Attack. KR-KR} Rd2 38. Rxe5 Rxc2 (38... Rxf2 $142 39. c4 Kg6) 39. Kg3 Kg6 40. Re6+ Kf5 41. Ra6 Rc4 42. h4 Rc5 43. f3 Rc8 44. Rh6 Rg8+ 45. Kf2 Kf4 46. Rxh5 {Accuracy: White = 84%, Black = 27%.} 1-0

[Event "7th Cesme Open-A 2019"]
[Site "Cesme"]
[Date "2019.06.26"]
[Round "4"]
[White "Mammadov, Zaur"]
[Black "Ozenir, Ekin Baris"]
[Result "0-1"]
[WhiteElo "2428"]
[BlackElo "2250"]
[Annotator "RC"]
[PlyCount "128"]
[EventDate "2019.06.24"]
[EventType "swiss"]
[EventCountry "TUR"]
[SourceTitle "playchess.com"]
[Source "ChessBase"]
[SourceQuality "1"]
[TimeControl "5400+30"]

1. e4 {[%emt 0:00:30]} c6 {[%emt 0:00:30]} 2. c4 {[%emt 0:00:00]} d5 {[%emt 0:00:30]} 3. cxd5 {[%emt 0:00:00]} cxd5 {[%emt 0:00:00]} 4. exd5 {[%emt 0:00:00]} Nf6 {[%emt 0:01:00]} 5. Nc3 {[%emt 0:00:00]} Nxd5 {[%emt 0:00:30]} 6. Nf3 {[%emt 0:00:00]} Nxc3 {[%emt 0:01:30]} 7. bxc3 {[%emt 0:00:00]} g6 {[%emt 0:00:30]} 8. Qa4+ {[%emt 0:01:30]} Nc6 {[%emt 0:05:30]} 9. d4 {[%emt 0:08:30]} Bg7 {[%emt 0:01:30]} 10. Be2 {[%emt 0:04:30]} Qa5 {[%emt 0:09:30]} 11. Qxa5 {[%emt 0:02:30]} Nxa5 {[%emt 0:00:30]} 12. O-O {[%emt 0:00:00]} Be6 {[%emt 0:04:30]} 13. Re1 {[%emt 0:01:00]} Bf6 {[%emt 0:12:30]} 14. Nd2 {[%emt 0:08:30]} Bd5 {[%emt 0:10:30]} 15. Rb1 {[%emt 0:07:30]} O-O-O {[%emt 0:09:30]} 16. Bg4+ {[%emt 0:08:30]} e6 {[%emt 0:04:30]} 17. Rb5 {[%emt 0:05:30]} b6 {[%emt 0:07:30]} 18. Ne4 {[%emt 0:00:30]} Be7 {[%emt 0:00:30]} 19. Ng5 {[%emt 0:01:30]} Bxg5 {[%emt 0:05:30]} 20. Bxg5 {[%emt 0:00:30]} Rd7 {[%emt 0:00:00]} 21. Bf6 {[%emt 0:00:30]} Re8 {[%emt 0:03:00]} 22. c4 {[%emt 0:06:30]} Bb7 {[%emt 0:10:58]} 23. c5 {[%emt 0:05:30]} h5 {[%emt 0:05:01]} 24. Be2 {[%emt 0:02:30]} Bc6 {[%emt 0:03:15]} 25. Rb4 {[%emt 0:00:00]} bxc5 {[%emt 0:01:35]} 26. dxc5 {[%emt 0:00:00]} Nb7 {[%emt 0:00:43]} 27. Ba6 {[%emt 0:11:30]} e5 {[%emt 0:00:34]} 28. Reb1 {[%emt 0:03:30]} Re6 {[%emt 0:01:39]} 29. Bg7 {[%emt 0:00:30]} f5 {[%emt 0:00:40]} 30. Bf8 {[%emt 0:00:30]} Be4 {[%emt 0:00:33]} 31. Bd6 {[%emt 0:02:30]} Bxb1 {[%emt 0:00:30]} 32. Rxb1 {[%emt 0:01:30]} Rexd6 {[%emt 0:00:30]} 33. cxd6 {[%emt 0:01:31]} Kb8 {[%emt 0:00:10]} 34. f3 {[%emt 0:01:59]} Ka8 {[%emt 0:01:12]} 35. Rb5 {[%emt 0:00:01]} e4 {[%emt 0:00:08]} 36. Bxb7+ {[%emt 0:06:37]} Rxb7 {[%emt 0:00:30]} 37. Re5 {[%emt 0:00:00]} Rd7 {[%emt 0:00:26]} 38. fxe4 {[%emt 0:00:11]} fxe4 {[%emt 0:00:31]} 39. Re6 {[%emt 0:00:08]} Kb7 {[%emt 0:00:33]} 40. Rxg6 {[%emt 0:02:17]} Kc6 {[%emt 0:00:04]} 41. Re6 {[%emt 0:02:06]} Kd5 {[%emt 0:00:44]} 42. Rh6 {[%emt 0:00:24]} Rxd6 {[%emt 0:00:16]} 43. Rxh5+ {[%emt 0:00:06]} Kd4 {[%emt 0:00:40]} 44. Ra5 {[%emt 0:00:40]} Rf6 {[%emt 0:00:44]} 45. g4 {[%emt 0:05:22]} e3 {[%emt 0:00:13]} 46. Rxa7 {[%emt 0:01:27]} e2 {[%emt 0:00:14]} 47. Rd7+ {[%emt 0:00:16]} Kc3 {[%emt 0:00:49]} 48. Re7 {[%emt 0:01:22]} Rf1+ {[%emt 0:00:52]} 49. Kg2 {[%emt 0:00:30]} e1=Q {[%emt 0:00:30]} 50. Rxe1 {[%emt 0:00:00]} Rxe1 {[%emt 0:00:00]} 51. Kf3 {[%emt 0:00:00]} Kd4 {[%emt 0:00:09]} 52. Kf4 {[%emt 0:00:00]} Rh1 {[%emt 0:00:27]} 53. Kf5 {[%emt 0:00:50]} Rxh2 {[%emt 0:00:30]} 54. g5 {[%emt 0:00:30]} Kd5 {[%emt 0:00:30]} 55. Kf6 {[%emt 0:00:30]} Rf2+ {[%emt 0:00:30]} 56. Ke7 {[%emt 0:00:30]} Rg2 {[%emt 0:00:00]} 57. Kf6 {[%emt 0:00:00]} Kd6 {[%emt 0:00:00]} 58. g6 {[%emt 0:00:00]} Rf2+ {[%emt 0:00:16]} 59. Kg7 {[%emt 0:00:00]} Ke7 {[%emt 0:00:30]} 60. a4 {[%emt 0:00:00]} Ra2 {[%emt 0:00:30]} 61. a5 {[%emt 0:00:00]} Rxa5 {[%emt 0:00:30]} 62. Kg8 {[%emt 0:00:22]} Kf6 {[%emt 0:00:24]} 63. g7 {[%emt 0:00:00]} Kg6 {[%emt 0:00:08]} 64. Kh8 {[%emt 0:00:07]} Rh5+ {[%emt 0:00:03]} 0-1

[Event "7th Cesme Open-A 2019"]
[Site "Cesme"]
[Date "2019.06.26"]
[Round "4"]
[White "Gokerkan, Cem Kaan"]
[Black "Ozates, Tuna"]
[Result "1-0"]
[WhiteElo "2415"]
[BlackElo "2214"]
[Annotator "TA"]
[PlyCount "45"]
[EventDate "2019.06.24"]
[EventType "swiss"]
[EventCountry "TUR"]
[SourceTitle "playchess.com"]
[Source "ChessBase"]
[SourceQuality "1"]

{[%evp 18,45,8,-6,42,32,49,47,91,78,90,97,90,77,95,63,395,393,525,529,773,764,1166,1202,1173,1141,1132,1125,1194,1157]} 1. Nf3 c5 2. e3 Nf6 3. d4 e6 4. c4 cxd4 5. exd4 d5 6. Nc3 Be7 7. Bd3 dxc4 8. Bxc4 O-O 9. O-O Nc6 10. Re1 Nb4 {D40: Queen's Gambit Declined: Semi-Tarrasch with 5 e3} (10... b6 11. a3 Bb7 12. Ba2 Qd7 13. Be3 Rad8 14. Qe2 Qc8 15. Rad1 Qa8 16. d5 exd5 17. Nxd5 Nxd5 18. Bxd5 Bf6 19. h4 h6 {0-1 (39) Halkias,S (2571)-Meier,G (2650) Riadh 2017}) 11. Ne5 a6 12. Bb3 Nbd5 {White is slightly better.} 13. Qf3 Nxc3 14. bxc3 {[%cal Bb2c3,Bc3d4][%mdl 32]} Nd7 $146 ({Predecessor:} 14... Qc7 15. c4 b6 16. Bf4 Bb7 17. Qh3 {1-0 (31) Schmidt,W (2425)-Schnelzer,R (2268) Bayern 2001}) 15. Nd3 Ra7 16. d5 exd5 $2 {[%mdl 8192]} (16... Nc5 $14) 17. Qe3 $18 {[%mdl 64] [#] Double Attack} Re8 18. Ba3 {White is clearly winning.} d4 19. cxd4 ({Not} 19. Bxe7 dxe3 20. Bxd8 Rxd8 $14) 19... Kf8 {[#]} 20. Qf4 $1 {[%csl Gb3][%cal Rf4f7][%mdl 512]} Nf6 21. Rxe7 Rxe7 22. Qb8 Ke8 23. Bxe7 {Accuracy: White = 72%, Black = 28%.} 1-0

[Event "7th Cesme Open-A 2019"]
[Site "Cesme"]
[Date "2019.06.26"]
[Round "4"]
[White "Barsov, Alexei"]
[Black "Ozkan, Ervin"]
[Result "1-0"]
[WhiteElo "2397"]
[BlackElo "2159"]
[Annotator "TA"]
[PlyCount "77"]
[EventDate "2019.06.24"]
[EventType "swiss"]
[EventCountry "TUR"]
[SourceTitle "playchess.com"]
[Source "ChessBase"]
[SourceQuality "1"]

{[%evp 15,77,10,35,27,30,29,50,41,41,39,29,43,43,35,89,97,89,100,158,148,162,166,154,164,159,158,350,345,323,337,337,342,375,364,368,367,370,343,517,501,546,526,573,558,558,564,548,527,708,704,685,676,850,851,844,808,834,843,959,931,1433,1431,1253,1240]} 1. d4 d5 2. c4 c6 3. cxd5 cxd5 4. Nc3 Nf6 5. Bf4 Nc6 6. e3 a6 7. Be2 Bf5 8. Nf3 e6 9. Qb3 {D13: Slav Defence: Exchange variation without ...Bf5} Bd6 (9... Ra7 10. O-O Be7 11. Rfc1 Nd7 12. Na4 g5 13. Be5 Ncxe5 14. Nxe5 Nxe5 15. dxe5 b5 16. Nc5 O-O {½-½ (35) Bluebaum,M (2618)-Van Wely,L (2642) Batumi 2018}) 10. Bxd6 ({But not} 10. Qxb7 Na5 $15) 10... Qxd6 11. Qxb7 {White is slightly better.} O-O 12. Qb3 Nb4 13. O-O Nc2 $1 {[#] ...Rfb8 is the strong threat.} 14. Rab1 Rfb8 $146 (14... Rab8 $1 $14 15. Qa4 Rfc8) ({Predecessor:} 14... Rab8 15. Qa4 Rfc8 16. Rbc1 Rxb2 {1-0 (46) Moreno Ruiz,J (2475)-Moreno Gracia,D (2332) Linares 2014}) 15. Qa4 $16 Rb4 16. Qa5 Rab8 {[#]} (16... Ne4 $142) 17. b3 $1 (17. Qxa6 Qxa6 18. Bxa6 Nxe3 $11) 17... Ne4 18. Nxe4 Bxe4 19. Rbc1 ({Inferior is} 19. Qxa6 Qxa6 20. Bxa6 Ra8 $11) 19... R4b6 20. Qd2 f6 $2 (20... Bxf3 $16 {is a better defense.} 21. Bxf3 (21. gxf3 Nb4 $16) 21... Nb4) 21. Rxc2 $18 Bxc2 22. Qxc2 Rc6 23. Qb2 Rbc8 {Hoping for ...Rc2.} 24. Bd3 a5 25. e4 Rc3 26. Qe2 Kf7 (26... Qc6 $142 27. h3 Kh8 {[%mdl 64] Remove Defender}) 27. e5 {White is clearly winning.} Qc7 28. h4 Rc1 29. g3 Rxf1+ 30. Kxf1 Qc1+ 31. Kg2 h6 32. exf6 gxf6 33. h5 Rc3 34. Bg6+ Ke7 35. Qb5 Rc8 36. Qxa5 Qc7 37. Qd2 Qc1 38. Qb4+ Kd7 39. Bd3 {Accuracy: White = 96%, Black = 45%.} 1-0

[Event "7th Cesme Open-A 2019"]
[Site "Cesme"]
[Date "2019.06.26"]
[Round "4"]
[White "Koksal, Ege"]
[Black "Quparadze, Giga"]
[Result "0-1"]
[WhiteElo "2363"]
[BlackElo "2498"]
[Annotator "TA"]
[PlyCount "96"]
[EventDate "2019.06.24"]
[EventType "swiss"]
[EventCountry "TUR"]
[SourceTitle "playchess.com"]
[Source "ChessBase"]
[SourceQuality "1"]

{[%evp 24,96,0,-32,-30,-30,-30,-33,-34,-60,-22,-21,-24,-25,-22,-27,-16,-40,-31,-62,-50,-57,-50,-54,-47,-47,-59,-108,-87,-110,-112,-115,-132,-104,-27,-27,-22,-103,-52,-48,-36,-22,-24,-64,-51,-51,-68,-315,-325,-308,-303,-556,-559,-552,-514,-672,-676,-662,-650,-617,-602,-771,-750,-716,-736,-729,-724,-697,-637,-814,-793,-801,-791,-5697,-631]} 1. d4 Nf6 2. c4 e6 3. Nf3 b6 4. g3 Bb4+ 5. Bd2 Be7 6. Bg2 c6 7. O-O O-O 8. Nc3 d5 9. Bf4 Bb7 10. cxd5 cxd5 11. Rc1 Nc6 12. Ne5 Rc8 13. Qa4 a6 {E06: Closed Catalan: Early deviations} 14. Nxc6 Rxc6 15. Nb1 b5 {[%cal Bb6b5,Bb5b4][%mdl 32] Black is slightly better.} 16. Qd1 $146 ({Predecessor:} 16. Qb3 Rc4 17. Qd3 Qb6 18. b3 Rcc8 19. Rxc8 Rxc8 20. Rc1 Rxc1+ 21. Bxc1 {½-½ (61) Ladva,O (2497)-Tiviakov,S (2613) Groningen 2018}) 16... b4 17. Rxc6 Bxc6 18. Qc2 Qb6 19. Rc1 Rc8 20. Qd3 h6 21. h3 Qb7 22. Bf1 Bb5 23. Qd1 a5 24. Rxc8+ Qxc8 25. b3 Ne4 26. Qc1 Qa6 27. f3 Nf6 28. Kf2 Nh5 ({Better is} 28... g5 $17 29. Be3 a4) 29. Be5 $11 f6 30. Bc7 {[#]} (30. Bb8 $1 $11 {keeps the balance.}) 30... g5 (30... Qc8 $1 $17 {Strongly threatening ...Bd6!} 31. Bf4 Qxc1 32. Bxc1 Bd6) 31. g4 $15 Ng7 32. Bg3 h5 33. Nd2 h4 $1 $36 {[%cal Rh4g3][%mdl 2048] Black has some pressure.} 34. Bh2 Bd6 35. Bg1 $2 {[#]} (35. Bxd6 $1 $15 Qxd6 36. Ke1) 35... Bg3+ $19 36. Kg2 Bxe2 37. Bh2 $2 (37. Bf2 Bxf2 38. Kxf2 Bxf1 39. Nxf1) 37... Bxh2 {Black is clearly winning.} 38. Kxh2 Qd3 {Hoping for ...Qc3.} 39. Kg2 Bxf1+ 40. Nxf1 Qe2+ 41. Kg1 Qxf3 42. Qc8+ Kh7 43. Qc2+ Kh6 44. Qh2 Qd3 45. Qf2 Kg6 46. Kh2 Ne8 47. Qe1 Qxd4 48. Qxe6 Qf2+ {[%mdl 64] Double Attack. Accuracy: White = 40%, Black = 69%.} 0-1

[Event "7th Cesme Open-A 2019"]
[Site "Cesme"]
[Date "2019.06.26"]
[Round "4"]
[White "Annageldyev, Orazly"]
[Black "Yilmaz, Goktan"]
[Result "0-1"]
[WhiteElo "2353"]
[BlackElo "2155"]
[Annotator "TA"]
[PlyCount "96"]
[EventDate "2019.06.24"]
[EventType "swiss"]
[EventCountry "TUR"]
[SourceTitle "playchess.com"]
[Source "ChessBase"]
[SourceQuality "1"]

{[%evp 16,96,-20,-26,2,-24,-17,-14,-15,-22,0,-4,0,0,42,30,34,16,20,-12,-7,0,0,-1,10,12,6,-12,0,0,0,0,0,-82,-73,-79,-68,-195,-143,-133,-129,-136,-139,-125,-133,-158,-157,-313,-255,-264,-260,-259,-251,-378,-287,-374,-310,-435,-415,-400,-410,-390,-409,-405,-397,-623,-643,-668,-634,-604,-584,-825,-809,-854,-843,-930,-927,-985,-849,-854,-733,-727,-713]} 1. d4 d5 2. Nf3 Nf6 3. Bf4 c5 4. e3 Nc6 5. c3 Qb6 6. Qb3 c4 7. Qxb6 axb6 8. Nbd2 b5 9. Be2 b4 {D02: 1 d4 d5 2 Nf3 sidelines, including 2...Nf6 3 g3 and 2...Nf6 3 Bf4} (9... e6 10. O-O b4 11. Bg5 b5 12. Bxf6 gxf6 13. cxb4 Bxb4 14. a3 Bxd2 15. Nxd2 Ke7 16. Rfc1 Bd7 17. b3 {0-1 (31) Mehmeti,D (2428)-Pelletier,Y (2540) Heraklio 2017}) 10. O-O bxc3 11. bxc3 Ra3 {The position is equal.} 12. Rfc1 e6 13. Ne1 $1 b5 14. Nc2 Ra7 $146 ({Predecessor:} 14... Ra6 15. Rcb1 Na7 16. a3 Bd7 17. Nb4 {½-½ (33) Voelz,S (1947)-Sigurdsson,J (1768) Bayerisch Eisenstein 2013}) 15. Rcb1 Rb7 16. a3 Be7 17. Rb2 O-O 18. Rab1 Bd7 19. g4 Ra8 20. g5 Ne8 21. e4 Bxa3 22. Ra2 {[#] Black must now prevent exd5.} (22. Nxa3 Rxa3 23. exd5 exd5 $17) 22... Rba7 23. exd5 $1 ({Much weaker is} 23. Nxa3 Rxa3 24. Rxa3 Rxa3 $17) ({Don't go for} 23. Rxb5 $2 Bd6 $19) 23... exd5 {...Bd6 is the strong threat.} 24. Ne3 ({Wrong is} 24. Nxa3 $2 Rxa3 25. Rxa3 Rxa3 $19) (24. Rxb5 $11 Bc1 25. Rxa7 Rxa7 26. Rxd5) 24... Ne7 $17 25. Bf3 Bc6 26. Ng4 ({White should play} 26. Ndf1 $15) 26... Ng6 $36 {[%mdl 2048] Black has strong initiative.} (26... Bd6 $19 27. Rxa7 Rxa7 28. Bxd6 Nxd6) 27. Bg3 Bd6 28. Rxa7 Rxa7 29. Ne3 Ne7 30. Re1 Kf8 31. Ng4 $2 {[#]} (31. Bg2 $17) 31... Bxg3 32. hxg3 Ra2 33. Nb1 Bd7 34. Ne5 (34. Ne3 $142) 34... Be6 35. Bg2 Nc7 36. f4 (36. Bf3 {was worth a try.}) 36... f6 37. Nf3 Bf5 38. Nbd2 Rc2 39. gxf6 gxf6 40. Re3 (40. Nb1 $142) 40... Bg4 $19 {Black is clearly winning.} 41. Nh2 Nf5 42. Re1 h5 43. Nb1 Nxg3 44. Bf1 Ne4 45. Nxg4 hxg4 46. Be2 Nxc3 47. Bxg4 Nxb1 48. Rxb1 Rd2 {Accuracy: White = 40%, Black = 74%.} 0-1

[Event "7th Cesme Open-A 2019"]
[Site "Cesme"]
[Date "2019.06.26"]
[Round "4"]
[White "Rzayev, Bahruz"]
[Black "Aliyev, Elnur"]
[Result "1-0"]
[WhiteElo "2340"]
[BlackElo "2155"]
[Annotator "TA"]
[PlyCount "91"]
[EventDate "2019.06.24"]
[EventType "swiss"]
[EventCountry "TUR"]
[SourceTitle "playchess.com"]
[Source "ChessBase"]
[SourceQuality "1"]

{[%evp 11,91,20,26,14,18,17,14,8,24,25,25,25,25,22,23,22,33,19,16,0,50,46,41,58,49,32,40,40,42,26,26,31,91,83,108,86,137,125,122,93,118,93,96,85,92,73,87,71,137,123,504,572,564,559,562,556,597,578,1002,995,989,945,881,832,778,766,1059,1054,1192,1095,1956,1810,8102,6070,29984,29985,29985,29986,29986,29987,29989,29988]} 1. Nf3 d5 2. g3 Bf5 3. Bg2 Nc6 4. d4 Nb4 5. Na3 e6 6. O-O Nf6 7. c3 {D02: 1 d4 d5 2 Nf3 sidelines, including 2...Nf6 3 g3 and 2...Nf6 3 Bf4} Nc6 8. Nh4 Bxa3 9. bxa3 {The position is equal.} Na5 $146 ({Predecessor:} 9... Bg6 10. Nxg6 hxg6 11. Rb1 Na5 12. Bg5 O-O 13. e4 dxe4 14. Bxe4 {1-0 (24) Khismatullin,D (2651)-Bartel,M (2622) Berlin 2015}) 10. Nxf5 exf5 11. Qd3 {next Bg5 is good for White.} Qd7 12. Bh3 g6 $1 13. Bh6 Ng4 14. Bxg4 (14. Bg5 {seems wilder.} h6 15. Bf4 Qc6 16. Rab1 Nc4 17. Bg2) 14... fxg4 15. e4 dxe4 16. Qxe4+ Qe6 17. Qxe6+ fxe6 18. Rfe1 O-O-O 19. Rxe6 Rhe8 20. Rae1 Rxe6 21. Rxe6 $11 {[%mdl 4096] Endgame KRB-KRN} Kd7 ({Better is} 21... Nc4 $14) 22. Re4 $16 Kc6 23. Rxg4 Kb5 (23... Nc4 $142) 24. Rg5+ Ka4 25. h4 b6 26. h5 Kxa3 27. hxg6 hxg6 28. Rxg6 Kxa2 29. Rg7 Nb3 (29... Kb3 $142) 30. f4 {[#] Black must now prevent f5.} a5 $2 {[%mdl 8192]} (30... Rh8 $16 {is a better chance.}) 31. f5 $18 a4 32. f6 ({Worse is} 32. Rxc7 a3 $14) 32... a3 33. Re7 Na5 34. f7 {[#] aiming for Re8.} Kb2 {If Black can now play ...a2 this consolidates a bit.} 35. Re8 a2 36. Rxd8 a1=Q+ 37. Kh2 Qd1 38. f8=Q Qe2+ 39. Kg1 Qe1+ 40. Kg2 Qe6 41. Re8 Qc6+ 42. Kh2 Nb3 43. Qf2+ {White mates.} Kxc3 44. Re3+ Kb4 45. Bf8+ Kb5 46. Rxb3+ {Accuracy: White = 75%, Black = 41%.} 1-0

[Event "7th Cesme Open-A 2019"]
[Site "Cesme"]
[Date "2019.06.26"]
[Round "4"]
[White "Olcum, Ahmet"]
[Black "Erdogan, Anil Berk"]
[Result "1-0"]
[WhiteElo "2315"]
[BlackElo "2087"]
[Annotator "TA"]
[PlyCount "75"]
[EventDate "2019.06.24"]
[EventType "swiss"]
[EventCountry "TUR"]
[SourceTitle "playchess.com"]
[Source "ChessBase"]
[SourceQuality "1"]

{[%evp 9,75,0,0,0,58,51,42,65,72,47,37,43,58,50,60,58,54,67,49,50,33,30,61,98,79,75,127,124,175,193,320,333,304,320,473,0,-8,-17,-5,-13,-13,-16,0,0,375,377,421,415,554,439,648,677,618,622,834,829,778,784,934,905,834,900,29996,29997,29997,29998,29998,29999]} 1. d4 Nf6 2. Bf4 c5 3. d5 e6 (3... b5 4. f3 e6 5. e4 c4 6. a4 exd5 7. exd5 Bb4+ 8. c3 Qe7+ 9. Qe2 Bc5 10. d6 Qxe2+ 11. Nxe2 {0-1 (50) Aronian,L (2765)-Caruana,F (2832) London 2018}) 4. Nc3 exd5 5. Nxd5 Nxd5 6. Qxd5 {A45: Trompowsky Attack} Be7 (6... Nc6 $11) 7. e4 O-O 8. O-O-O {White is slightly better.} Nc6 9. Nf3 $146 ({Predecessor:} 9. Qd2 f5 10. e5 Nd4 11. Nf3 Ne6 {1-0 (32) Friedrichs,K (2283)-Miettinen,T (2012) Reykjavik 2012}) 9... Qa5 10. Bd2 Qc7 11. h4 d6 12. Qh5 Ne5 13. Nxe5 dxe5 14. Bc3 Bf6 15. f4 Be6 16. f5 Bxa2 17. g4 $1 {[%cal Rg4g5]} g6 (17... Rad8 $142) 18. Qh6 $16 b5 (18... a5 $16) 19. Bxb5 $18 {Black must now prevent b3.} Qb7 (19... Qb6 {is a better defense.}) 20. fxg6 $1 hxg6 21. h5 $1 {[%cal Rh5g6]} Bg7 (21... Qe7 $142 22. Rd7 Bg5+ {[%mdl 64] Double Attack} 23. Bd2 Bxh6 24. Rxe7 Bxd2+ 25. Kxd2 Rab8) 22. Qe3 $2 $40 {[%mdl 128] White is up to no good.} (22. Qg5 $18 f6 23. Qxg6) 22... Qxb5 $11 23. h6 Bf6 {Strongly threatening ...Kh7.} 24. g5 {h7+ would kill now.} Kh7 {And now ...Bh8 would win.} 25. gxf6 Rae8 26. b3 {[%cal Bb2b3,Bb3b4,Bb4b5][%mdl 32] Hoping for Kb2.} c4 $2 {[%mdl 8192]} (26... a5 $1 $11 {and Black is okay.}) 27. Rd5 $18 Qb7 {[#]} 28. b4 $1 a5 29. b5 a4 (29... Re6 $142 30. Kb2 (30. Bxe5 c3 $15) 30... Rb6 31. Kxa2 Rxb5 32. Rxb5 Qxb5) 30. Kb2 Bb3 31. cxb3 axb3 32. Ra1 Ra8 33. Qc5 Rfc8 34. Qe7 Rc7 35. Qd6 Rxa1 {[#]} 36. Qf8 $1 {[%csl Gf6,Gh6][%cal Rf8g7] White mates.} Ra2+ 37. Kb1 {[%csl Gf6,Gh6][%cal Rf8g7]} Ra1+ 38. Bxa1 {Accuracy: White = 86%, Black = 34%.} 1-0